Les 5 piliers de l'identité de Petzold - Statistiques

Statistiques générales
  • Ce quiz a été pris 15 fois
  • Le résultat moyen est 4 sur 5
Statistiques - réponses
Hint Réponse % Correct
1 Corp et organisme
100%
5 Valeurs
80%
2 Réseau social
60%
4 Sécurité matérielle
60%
3 Travail performance loisirs
60%
Aucun quiz correspondant
Distribution des résultats
% des personnes avec chaque résultat
Percentile par nombre de réponses
Votre historique - résultats
Vous n’avez pas pris ce quiz